Essentials of veterinary anatomy and physiology / (Record no. 69447)
[ view plain ]
| 000 -LEADER | |
|---|---|
| fixed length control field | 00826nam a2200265 a 4500 |
| 001 - CONTROL NUMBER | |
| control field | 69447 |
| 003 - CONTROL NUMBER IDENTIFIER | |
| rucl marc code | BD-RjUL |
| 005 - DATE AND TIME OF LATEST TRANSACTION | |
| control field | 20211209081906.0 |
| 008 - FIXED-LENGTH DATA ELEMENTS--GENERAL INFORMATION | |
| fixed length control field | 170411r20092005enka b 001 0 eng d |
| 020 ## - INTERNATIONAL STANDARD BOOK NUMBER | |
| International Standard Book Number | 9780750688024 |
| International Standard Book Number | 9788131200360 |
| 035 ## - SYSTEM CONTROL NUMBER | |
| System control number | (BD-RjUL)69659 |
| 040 ## - CATALOGING SOURCE | |
| Original cataloging agency | DLC |
| Transcribing agency | DLC |
| Modifying agency | DLC |
| Language of cataloging | eng |
| 041 ## - LANGUAGE CODE | |
| Language code of text/sound track or separate title | eng |
| 082 00 - DEWEY DECIMAL CLASSIFICATION NUMBER | |
| Edition number | 23 |
| Classification number | 636.0891 |
| Author mark and year | ASE 2009 |
| 100 1# - MAIN ENTRY--PERSONAL NAME | |
| Personal name | Aspinall, Victoria. |
| 9 (RLIN) | 205711 |
| 245 10 - TITLE STATEMENT | |
| Title | Essentials of veterinary anatomy and physiology / |
| Statement of responsibility, etc. | Victoria Aspinall. |
| 260 ## - PUBLICATION, DISTRIBUTION, ETC. (IMPRINT) | |
| Place of publication, distribution, etc. | New York : |
| Name of publisher, distributor, etc. | Elsevier Butterworth Heinemann, |
| Date of publication, distribution, etc. | 2009. |
| 300 ## - PHYSICAL DESCRIPTION | |
| Pagination | x, 248 p. : |
| Illustrations | ill. ; |
| Size | 18 cm. |
| 504 ## - BIBLIOGRAPHY, ETC. NOTE | |
| Bibliography, etc | Includes bibliographical references (p. 213-214) and index. |
| 650 #0 - SUBJECT ADDED ENTRY--TOPICAL TERM | |
| Topical term or geographic name as entry element | Veterinary anatomy. |
| 9 (RLIN) | 205712 |
| Topical term or geographic name as entry element | Veterinary physiology. |
| 9 (RLIN) | 161449 |
| 942 ## - ADDED ENTRY ELEMENTS (KOHA) | |
| Source of classification or shelving scheme | Dewey Decimal Classification |
| Koha item type | Books |
| Lost status | Source of classification or shelving scheme | Damaged status | Not for loan | Collection code | Permanent Location | Current Location | Shelving location | Date acquired | Source of acquisition | Cost, normal purchase price | Total Checkouts | Full call number | Date last seen | Copy number | Koha item type |
|---|---|---|---|---|---|---|---|---|---|---|---|---|---|---|---|
| Dewey Decimal Classification | Not For Loan | Non-fiction | Central Library, University of Rajshahi | Central Library, University of Rajshahi | Reading Room | 09/12/2021 | Paragon enterprise, Dhaka. | 395.00 | 636.0891 ASE 2009 | 11/04/2017 | C-1 | Books |